000 00426nam a2200169 a 4500
001 0000-9211
003 ELIB.Books
008 110520 1955
035 _a(ELIB.Books)0000-9363
082 _a810
_bTho
100 _aThoreau, Henry David
245 _aWalden: or, life in the woods
260 _bNew York: A Mentor Book
_c1955
650 _aLanguage
942 _2ddc
_cBK
998 _cbat
_e2011-05-20
999 _c9211
_d9211